[Event "C.to Europeo U14 femminile"]
[Site "Batumi GEO"]
[Date "2014.10.21"]
[Round "3"]
[White "Shuvalova, Polina"]
[Black "Di Benedetto, Desiree"]
[WhiteElo "2142"]
[BlackElo "1989"]
[Result "1-0"]
[PlyCount "81"]
[EventDate "2014.10.19"]

1. e4 e6 2. d4 d5 3. Nd2 Nc6 4. Bb5 Nf6 5. e5 Nd7 6. Ngf3 f6 7. O-O fxe5 8.
Nxe5 Ncxe5 9. dxe5 c6 10. Bd3 Nxe5 11. Qh5+ Nf7 12. f4 g6 13. Qe2 Bc5+ 14. Kh1
O-O 15. Nf3 Be7 16. Bd2 Bf6 17. Ne5 c5 18. c3 Bd7 19. Nxd7 Qxd7 20. Rae1 Nd8
21. Qg4 c4 22. Bc2 Kh8 23. h4 Qf7 24. h5 gxh5 25. Qh3 Rg8 26. Rg1 h4 27. g4
hxg3 28. Re2 h5 29. Rxg3 Rxg3 30. Qxg3 Nc6 31. Bg6 Qg7 32. Rh2 h4 33. Qg4 Ne7
34. Qh5+ Kg8 35. Rg2 Kf8 36. f5 Qh8 37. Bh6+ Bg7 38. Bxg7+ Qxg7 39. fxe6 Qf6
40. Kg1 Qxe6 41. Rf2+ 1-0

[Event "C.to Europeo U14 femminile"]
[Site "Batumi GEO"]
[Date "2014.10.22"]
[Round "4"]
[White "Di Benedetto, Desiree"]
[Black "Broly, Mathilde"]
[WhiteElo "1989"]
[BlackElo "1824"]
[Result "0-1"]
[PlyCount "102"]
[EventDate "2014.10.19"]

1. e4 e5 2. Nf3 Nc6 3. Bb5 a6 4. Ba4 Nf6 5. O-O Be7 6. Re1 b5 7. Bb3 d6 8. c3
O-O 9. d4 Bg4 10. Be3 Qe8 11. Nbd2 Kh8 12. h3 Bh5 13. a4 Rd8 14. axb5 axb5 15.
Qe2 Rb8 16. Qd3 Nd7 17. Ra6 exd4 18. Bxd4 Nce5 19. Nxe5 dxe5 20. Ba7 Nc5 21.
Bxc5 Bxc5 22. Bd5 Qe7 23. g4 Qh4 24. Qf3 Bg6 25. Nf1 Bb6 26. Ne3 Rfd8 27. Rea1
h5 28. Kg2 Qg5 29. Qg3 h4 30. Qf3 c6 31. Bxc6 Bxe3 32. fxe3 Rd2+ 33. Kh1 Rxb2
34. Ra8 Rxa8 35. Rxa8+ Kh7 36. Bd5 Rb1+ 37. Kg2 Rb2+ 38. Kh1 Qe7 39. Qf1 b4 40.
c4 Rc2 41. Ra1 Rc3 42. Qf2 b3 43. c5 Rc2 44. Qe1 b2 45. Rb1 Qxc5 46. Qxh4+ Kg8
47. Qd8+ Qf8 48. Qxf8+ Kxf8 49. Rg1 Rc1 50. Ba2 Bxe4+ 51. Kh2 Ra1 0-1

[Event "C.to Europeo U14 femminile"]
[Site "Batumi GEO"]
[Date "2014.10.23"]
[Round "5"]
[White "Nadzamova, Sofia"]
[Black "Di Benedetto, Desiree"]
[WhiteElo "1734"]
[BlackElo "1989"]
[Result "0-1"]
[PlyCount "88"]
[EventDate "2014.10.19"]

1. e4 e6 2. d4 d5 3. Nd2 h6 4. Ngf3 Nf6 5. e5 Nfd7 6. Bd3 c5 7. c3 Nc6 8. Bc2
a5 9. b3 Qb6 10. Bb2 a4 11. Qc1 a3 12. Bxa3 cxd4 13. Bxf8 Kxf8 14. cxd4 Nxd4
15. Qb2 Nxf3+ 16. Nxf3 Qb4+ 17. Ke2 b6 18. Rhd1 Ba6+ 19. Bd3 Qe4+ 20. Kf1 Bxd3+
21. Kg1 Nc5 22. b4 Na4 23. Qa3 Bc4 24. b5+ Kg8 25. Rab1 Kh7 26. Qc1 Bxa2 27.
Ra1 Rhc8 28. Qd2 Rc2 29. Qd3 Qxd3 30. Rxd3 Nc5 31. Rd2 Rxd2 32. Nxd2 Ra4 33. g3
d4 34. f4 Nb3 35. Rd1 Nxd2 36. Rxd2 Bd5 37. Rb2 Ra1+ 38. Kf2 Ra2 39. Rxa2 Bxa2
40. Ke2 Bc4+ 41. Kd2 Bxb5 42. Kc2 Bc4 43. Kb1 b5 44. Kc2 b4 0-1

[Event "C.to Europeo U14 femminile"]
[Site "Batumi GEO"]
[Date "2014.10.24"]
[Round "6"]
[White "Di Benedetto, Desiree"]
[Black "Koridze, Lile"]
[WhiteElo "1989"]
[BlackElo "1750"]
[Result "0-1"]
[PlyCount "57"]
[EventDate "2014.10.19"]

1. e4 c5 2. Nf3 d6 3. Bb5+ Nc6 4. Bxc6+ bxc6 5. O-O e5 6. c3 Nf6 7. d4 cxd4 8.
cxd4 Qc7 9. dxe5 dxe5 10. Qc2 Bb7 11. Bg5 Be7 12. Nbd2 c5 13. Rfe1 O-O 14. Nc4
Rad8 15. Bd2 Qc6 16. Ba5 Rc8 17. Nfxe5 Qe6 18. f3 Ba6 19. b3 Nh5 20. Rad1 Nf4
21. Qd2 Bxc4 22. Nxc4 Qh6 23. Qd7 Bg5 24. Qg4 Rc6 25. Qd7 Re6 26. Rd6 Qh5 27.
Rxe6 fxe6 28. Nd2 Qh6 29. Nf1 0-1

[Event "C.to Europeo U14 femminile"]
[Site "Batumi GEO"]
[Date "2014.10.26"]
[Round "7"]
[White "Ambrozova, Lucie"]
[Black "Di Benedetto, Desiree"]
[WhiteElo "1725"]
[BlackElo "1989"]
[Result "0-1"]
[PlyCount "58"]
[EventDate "2014.10.19"]

1. e4 e6 2. d4 d5 3. Nc3 Nf6 4. Bg5 Bb4 5. e5 h6 6. Bh4 g5 7. exf6 gxh4 8. Qh5
Qxf6 9. Nf3 c5 10. Bb5+ Kf8 11. Rd1 a6 12. Be2 cxd4 13. Rxd4 Nc6 14. Rd3 d4 15.
a3 dxc3 16. axb4 cxb2 17. Rb3 b1=Q+ 18. Rxb1 Qc3+ 19. Kd1 Nxb4 20. Rc1 Na2 21.
Rb1 Qc7 22. Rb2 Nc3+ 23. Ke1 Nxe2 24. Kxe2 Qc4+ 25. Kd2 Qf4+ 26. Kd3 e5 27. Kc3
Be6 28. Rxb7 Rc8+ 29. Kb2 Qe4 0-1

[Event "C.to Europeo U16"]
[Site "Batumi GEO"]
[Date "2014.10.20"]
[Round "2"]
[White "Dolana, Andrei-Theodor"]
[Black "Briata, Federico"]
[WhiteElo "2297"]
[BlackElo "2110"]
[Result "1-0"]
[PlyCount "57"]
[EventDate "2014.10.19"]

1. e4 c5 2. Nf3 d6 3. Bb5+ Bd7 4. Bxd7+ Nxd7 5. O-O Ngf6 6. Qe2 e6 7. d4 cxd4
8. Nxd4 Be7 9. c4 O-O 10. Nc3 a6 11. b3 Re8 12. Bb2 Bf8 13. Rfd1 Qc7 14. Rac1
Rac8 15. Rd2 g6 16. Re1 Bh6 17. Rdd1 Bg7 18. Nf3 Red8 19. Ba1 Ne8 20. Nd4 Ne5
21. Qe3 Nc6 22. Nde2 Nf6 23. Rd2 h5 24. h3 Kh7 25. Qg3 Rd7 26. Red1 Rcd8 27. f4
Ne8 28. f5 Be5 29. Nf4 1-0

[Event "C.to Europeo U16"]
[Site "Batumi GEO"]
[Date "2014.10.21"]
[Round "3"]
[White "Briata, Federico"]
[Black "Sajaia, Lasha"]
[WhiteElo "2110"]
[BlackElo "1595"]
[Result "1/2-1/2"]
[PlyCount "66"]
[EventDate "2014.10.19"]

1. e4 e5 2. Nf3 Nc6 3. d4 exd4 4. Nxd4 Nf6 5. Nxc6 bxc6 6. e5 Qe7 7. Qe2 Nd5 8.
c4 Ba6 9. b3 Nb6 10. Bb2 Qg5 11. g3 Bb4+ 12. Nd2 O-O 13. f4 Qg6 14. O-O-O d5
15. exd6 cxd6 16. Qf3 d5 17. Bd3 Qh6 18. g4 Bxd2+ 19. Rxd2 dxc4 20. g5 Qh4 21.
Bd4 Nd5 22. Bxc4 Bxc4 23. bxc4 Qxf4 24. Rf1 Qxf3 25. Rxf3 Nb6 26. Bxb6 axb6 27.
Rb3 Ra4 28. Rxb6 Rxc4+ 29. Rc2 Rxc2+ 30. Kxc2 Rc8 31. Kd3 h6 32. gxh6 gxh6 33.
a4 Ra8 1/2-1/2

[Event "C.to Europeo U16"]
[Site "Batumi GEO"]
[Date "2014.10.22"]
[Round "4"]
[White "Antal, Tibor Kende"]
[Black "Briata, Federico"]
[WhiteElo "2324"]
[BlackElo "2110"]
[Result "1/2-1/2"]
[PlyCount "78"]
[EventDate "2014.10.19"]

1. e4 c5 2. Nf3 d6 3. d4 cxd4 4. Nxd4 Nf6 5. Nc3 a6 6. Be3 e6 7. Qd2 b5 8. f3
Nbd7 9. g4 Nb6 10. a4 Nc4 11. Bxc4 bxc4 12. g5 Nd7 13. f4 Bb7 14. O-O Qc7 15.
b4 cxb3 16. cxb3 Nc5 17. Rac1 Qd7 18. Qc2 Rc8 19. Qb1 e5 20. Nf5 g6 21. Ng3
exf4 22. Bxf4 Be7 23. Nd5 Bxd5 24. exd5 O-O 25. Rc4 Rfe8 26. Qc2 Bf8 27. b4
Nxa4 28. Ne4 Rxe4 29. Rxc8 Qg4+ 30. Bg3 Re2 31. Rc4 Rxc2 32. Rxg4 Nc3 33. Rf2
Rc1+ 34. Kg2 Nxd5 35. Rd4 Rc3 36. Rf3 Rc2+ 37. Kh3 Nc7 38. Ra3 Ne6 39. Rd5 Be7
1/2-1/2

[Event "C.to Europeo U16"]
[Site "Batumi GEO"]
[Date "2014.10.23"]
[Round "5"]
[White "Briata, Federico"]
[Black "Theocharous, Stelios"]
[WhiteElo "2110"]
[BlackElo "1828"]
[Result "1-0"]
[PlyCount "81"]
[EventDate "2014.10.19"]

1. e4 c5 2. Nf3 Nc6 3. d4 cxd4 4. Nxd4 Nf6 5. Nc3 e5 6. Ndb5 d6 7. Bg5 a6 8.
Na3 b5 9. Nd5 Be7 10. Bxf6 Bxf6 11. c4 b4 12. Nc2 a5 13. g3 O-O 14. h4 Rb8 15.
b3 Be7 16. Bh3 Bxh3 17. Rxh3 f5 18. exf5 Rxf5 19. Nde3 Rf7 20. Kf1 Qd7 21. Qg4
Qxg4 22. Nxg4 h5 23. Nge3 Rbf8 24. Rh2 Rf3 25. Kg1 e4 26. Rd1 Ne5 27. Ne1 R3f7
28. Rd4 Nf3+ 29. Nxf3 exf3 30. Rd5 Bd8 31. Rxd6 Re8 32. Rh3 Bc7 33. Rd5 g6 34.
Kf1 Rfe7 35. Ke1 Bb6 36. c5 Bc7 37. Kd2 Re5 38. Kd3 Re4 39. Rd7 Bd8 40. Rh1 Bf6
41. c6 1-0

[Event "C.to Europeo U16"]
[Site "Batumi GEO"]
[Date "2014.10.24"]
[Round "6"]
[White "Kozionov, Kirill"]
[Black "Briata, Federico"]
[WhiteElo "2399"]
[BlackElo "2110"]
[Result "1-0"]
[PlyCount "57"]
[EventDate "2014.10.19"]

1. e4 c5 2. Nc3 e6 3. Nf3 a6 4. d4 cxd4 5. Nxd4 d6 6. Be3 Nf6 7. f3 b5 8. Qd2
Nbd7 9. g4 Nb6 10. a4 Nc4 11. Bxc4 bxc4 12. g5 Nd7 13. f4 Bb7 14. f5 Nc5 15.
Qg2 exf5 16. Nxf5 Nxe4 17. O-O-O Nc5 18. Nd5 Qc8 19. Bxc5 Qxc5 20. Nf6+ gxf6
21. Qxb7 Ra7 22. Rhe1+ Kd8 23. Qb8+ Kd7 24. Nxd6 Bxd6 25. Rxd6+ Qxd6 26. Qxa7+
Kc8 27. Qa8+ Qb8 28. Qxa6+ Kd7 29. Rd1+ 1-0

[Event "C.to Europeo U16"]
[Site "Batumi GEO"]
[Date "2014.10.26"]
[Round "7"]
[White "Briata, Federico"]
[Black "Pilzak, Marcin"]
[WhiteElo "2110"]
[BlackElo "1901"]
[Result "1/2-1/2"]
[PlyCount "35"]
[EventDate "2014.10.19"]

1. e4 e6 2. d4 d5 3. Nd2 h6 4. Ngf3 Nf6 5. e5 Nfd7 6. c3 c5 7. Bd3 Nc6 8. O-O
g5 9. h3 h5 10. g4 hxg4 11. hxg4 Qb6 12. Qb3 Qc7 13. Qc2 Ne7 14. Re1 Qb6 15.
Qb3 Qc7 16. Qc2 Qb6 17. Qb3 Qc7 18. Qc2 1/2-1/2

[Event "C.to Europeo U16 femminile"]
[Site "Batumi GEO"]
[Date "2014.10.19"]
[Round "1"]
[White "Auvray, Honorine"]
[Black "Santeramo, Alessia Carmen"]
[WhiteElo "1839"]
[BlackElo "2217"]
[Result "1-0"]
[PlyCount "51"]
[EventDate "2014.10.19"]

1. e4 c5 2. Nf3 e6 3. d4 cxd4 4. Nxd4 a6 5. Bd3 Bd6 6. Nb3 Be7 7. Qg4 g6 8. Qe2
d6 9. O-O Nd7 10. Nc3 b6 11. Be3 Bb7 12. Rad1 Qc7 13. a4 Ngf6 14. Bh6 Ne5 15.
h3 Nfd7 16. f4 Nxd3 17. cxd3 Nc5 18. Nd2 Bf6 19. Nc4 Nd7 20. e5 dxe5 21. fxe5
Be7 22. d4 Rg8 23. Ne4 O-O-O 24. Ncd6+ Kb8 25. Rc1 Bc6 26. Qc4 1-0

[Event "C.to Europeo U16 femminile"]
[Site "Batumi GEO"]
[Date "2014.10.20"]
[Round "2"]
[White "Santeramo, Alessia Carmen"]
[Black "Pashkuridze, Tamar"]
[WhiteElo "2217"]
[BlackElo "1693"]
[Result "1-0"]
[PlyCount "81"]
[EventDate "2014.10.19"]

1. e4 c6 2. d4 d5 3. Nc3 dxe4 4. Nxe4 Nd7 5. Ng5 Ngf6 6. Bd3 e6 7. N1f3 Bd6 8.
Qe2 Nb6 9. O-O h6 10. Ne4 Nxe4 11. Qxe4 Nd5 12. Ne5 Nf6 13. Qh4 Qc7 14. Qg3 Nh5
15. Qg4 Bxe5 16. dxe5 Qxe5 17. Bd2 Nf6 18. Qxg7 Rg8 19. Qxh6 Ng4 20. Qf4 Qxb2
21. h3 Ne5 22. Be4 Ng6 23. Qg3 Qd4 24. Bd3 Qh8 25. Bxg6 Rxg6 26. Bc3 Qh5 27.
Qe3 Bd7 28. Rab1 b6 29. Be5 Ke7 30. Rfd1 Rag8 31. Bd6+ Ke8 32. Bg3 Rg5 33. c4
f5 34. Qf4 R5g7 35. Qb8+ Ke7 36. Qxa7 Qe8 37. Qc7 Qc8 38. Qd6+ Ke8 39. Rxb6 Kf7
40. Qxd7+ Kf6 41. Be5+ 1-0

[Event "C.to Europeo U16 femminile"]
[Site "Batumi GEO"]
[Date "2014.10.21"]
[Round "3"]
[White "Keen, Cosima C."]
[Black "Santeramo, Alessia Carmen"]
[WhiteElo "1831"]
[BlackElo "2217"]
[Result "0-1"]
[PlyCount "60"]
[EventDate "2014.10.19"]

1. d4 Nf6 2. Nf3 e6 3. Nc3 c5 4. d5 d6 5. e4 e5 6. h3 Be7 7. Bd3 Nbd7 8. O-O a6
9. a4 Nf8 10. a5 Ng6 11. Ne2 c4 12. Bxc4 Nxe4 13. b4 Bd7 14. Qd3 f5 15. Bb3 O-O
16. Be3 Kh8 17. Nd2 Nxd2 18. Qxd2 f4 19. Bb6 Qe8 20. f3 Nh4 21. Rf2 Qh5 22. Kh2
Rf6 23. Ng1 Rh6 24. Rd1 Rc8 25. Qe2 Nxg2 26. Qd3 Bxh3 27. Qd2 Ne3 28. Bxe3 Bf1+
29. Nh3 Qxh3+ 30. Kg1 Qh1# 0-1

[Event "C.to Europeo U16 femminile"]
[Site "Batumi GEO"]
[Date "2014.10.22"]
[Round "4"]
[White "Santeramo, Alessia Carmen"]
[Black "Mirzaeva, Gulnara"]
[WhiteElo "2217"]
[BlackElo "1915"]
[Result "1-0"]
[PlyCount "151"]
[EventDate "2014.10.19"]

1. e4 c5 2. Nf3 d6 3. Bb5+ Bd7 4. Bxd7+ Qxd7 5. O-O Nc6 6. c3 Nf6 7. Re1 g6 8.
d4 cxd4 9. cxd4 Bg7 10. Nc3 O-O 11. h3 Rfd8 12. Bg5 h6 13. Be3 b5 14. e5 dxe5
15. dxe5 Qb7 16. Qb3 Ne8 17. e6 f5 18. Qxb5 Qxb5 19. Nxb5 Bxb2 20. Rab1 Bg7 21.
Rec1 a6 22. Rxc6 axb5 23. Rxb5 Rxa2 24. Rb7 Bf6 25. Rd7 Rb8 26. g3 Kg7 27. Rb6
Rxb6 28. Bxb6 Ra6 29. Rb7 Nd6 30. Rb8 Nc4 31. Bc5 Rxe6 32. Rb7 Kf7 33. Rc7 Be5
34. Ra7 Bd6 35. Bd4 Re4 36. Kg2 g5 37. Bc3 f4 38. g4 Ke6 39. Nd4+ Kd5 40. Nf5
f3+ 41. Kxf3 Rf4+ 42. Kg2 Bc5 43. Ra2 h5 44. f3 hxg4 45. hxg4 e6 46. Bd2 exf5
47. Bxf4 gxf4 48. g5 Be7 49. g6 Ke6 50. g7 Ne3+ 51. Kh3 Kf7 52. Ra7 Nd5 53.
g8=Q+ Kxg8 54. Rd7 Kf7 55. Rxd5 Ke6 56. Ra5 Bf6 57. Rb5 Be7 58. Kg2 Kf6 59. Kf2
Ke6 60. Ke2 Bf6 61. Kd3 Bh4 62. Kc4 Bf2 63. Ra5 Kf6 64. Kd5 Be3 65. Ra6+ Kg5
66. Ke6 Kg6 67. Ra5 Kg5 68. Ra8 Kg6 69. Rg8+ Kh7 70. Rg2 Kh6 71. Kxf5 Bc1 72.
Rg4 Be3 73. Rxf4 Bxf4 74. Kxf4 Kg6 75. Ke5 Kf7 76. Ke4 1-0

[Event "C.to Europeo U16 femminile"]
[Site "Batumi GEO"]
[Date "2014.10.23"]
[Round "5"]
[White "Hojjatova, Aydan Hikmat Qizi"]
[Black "Santeramo, Alessia Carmen"]
[WhiteElo "2104"]
[BlackElo "2217"]
[Result "0-1"]
[PlyCount "94"]
[EventDate "2014.10.19"]

1. e4 c5 2. Nf3 e6 3. b3 b6 4. Bd3 Bb7 5. O-O Nc6 6. Re1 d6 7. Bb2 a6 8. Bf1
Nf6 9. c3 Be7 10. d4 cxd4 11. cxd4 O-O 12. Nc3 Nb8 13. Bd3 Nbd7 14. Rc1 Rc8 15.
Bb1 Re8 16. Qd2 Nf8 17. d5 e5 18. Red1 Ng6 19. a3 Qd7 20. h3 Nf4 21. Qe3 N6h5
22. Kh2 Kh8 23. Rg1 b5 24. b4 Rg8 25. Bc2 g5 26. g4 Nf6 27. Nd2 h5 28. f3 hxg4
29. fxg4 Kg7 30. Rg3 Rh8 31. Kg1 Rh6 32. Nd1 Bd8 33. Nf2 Bb6 34. Qf3 Rch8 35.
Kf1 Bxf2 36. Kxf2 Rxh3 37. Rcg1 Rh2+ 38. Ke1 Ne2 39. R1g2 Nxg3 40. Rxg3 Bc8 41.
Bd1 Qa7 42. Be2 R8h4 43. Qd3 Qf2+ 44. Kd1 Bxg4 45. Bxg4 Rxg4 46. Rf3 Rg1+ 47.
Kc2 Qe2 0-1

[Event "C.to Europeo U16 femminile"]
[Site "Batumi GEO"]
[Date "2014.10.24"]
[Round "6"]
[White "Santeramo, Alessia Carmen"]
[Black "Dordzhieva, Dinara"]
[WhiteElo "2217"]
[BlackElo "2238"]
[Result "1/2-1/2"]
[PlyCount "140"]
[EventDate "2014.10.19"]

1. e4 c5 2. Nf3 d6 3. Bb5+ Bd7 4. Bxd7+ Qxd7 5. O-O Nc6 6. c3 Nf6 7. d4 Nxe4 8.
d5 Ne5 9. Nxe5 dxe5 10. Re1 Nf6 11. Rxe5 e6 12. c4 O-O-O 13. Nc3 Bd6 14. Re1
exd5 15. Nxd5 Nxd5 16. Qxd5 Rhe8 17. Rxe8 Qxe8 18. Qf5+ Qd7 19. Qxd7+ Rxd7 20.
Be3 Be5 21. Bxc5 Bxb2 22. Rb1 b6 23. Bb4 a5 24. Kf1 Bd4 25. Ba3 Rc7 26. Rc1 Kb7
27. Ke2 Kc6 28. f3 Rc8 29. Kd3 Rd8 30. Kc2 Bc5 31. Bxc5 Kxc5 32. Rb1 Rd6 33.
Kc3 Rh6 34. h3 Rg6 35. Rb2 h5 36. Rb5+ Kc6 37. Rb2 Rg5 38. Re2 h4 39. Rb2 Rg6
40. Re2 Kc5 41. Re5+ Kc6 42. Re2 Rg5 43. Rb2 Re5 44. Kd3 Re1 45. Kd2 Rg1 46.
Kc3 Rc1+ 47. Kd3 Rg1 48. Kc3 Ra1 49. Kd3 a4 50. Kc3 a3 51. Rd2 Rb1 52. Re2 Kd6
53. Rd2+ Ke5 54. Re2+ Kf5 55. Rd2 g6 56. Rd5+ Kf4 57. Rd4+ Kg3 58. Rg4+ Kf2 59.
f4 Rb2 60. Rxh4 Kxg2 61. f5 gxf5 62. Rf4 Rxa2 63. Rxf5 Re2 64. Rxf7 a2 65. Ra7
Kxh3 66. Kb3 Kg4 67. Rxa2 Rxa2 68. Kxa2 Kf5 69. Kb3 Ke5 70. Kb4 Kd4 1/2-1/2

[Event "C.to Europeo U16 femminile"]
[Site "Batumi GEO"]
[Date "2014.10.26"]
[Round "7"]
[White "Chung, Mathilde"]
[Black "Santeramo, Alessia Carmen"]
[WhiteElo "1972"]
[BlackElo "2217"]
[Result "0-1"]
[PlyCount "64"]
[EventDate "2014.10.19"]

1. d4 Nf6 2. c4 c5 3. d5 e5 4. Nc3 d6 5. e4 Be7 6. Nf3 Nbd7 7. Bd3 a6 8. h3 Nh5
9. a4 O-O 10. Ne2 g6 11. g4 Ng7 12. Ng3 Kh8 13. Be3 Nf6 14. Qc2 Bd7 15. O-O Ng8
16. Kh2 Qc8 17. Ng1 Bh4 18. N1e2 h5 19. f3 Ne7 20. Qd2 f6 21. Ng1 f5 22. gxf5
gxf5 23. Bg5 Bxg3+ 24. Kxg3 f4+ 25. Kh2 Ng6 26. h4 Kh7 27. Qg2 Rg8 28. Nh3 Ne8
29. Ng1 Nxh4 30. Qf2 Rxg5 31. Qxh4 Qd8 32. Qf2 Rg3 0-1

[Event "C.to Europeo U16 femminile"]
[Site "Batumi GEO"]
[Date "2014.10.27"]
[Round "8"]
[White "Santeramo, Alessia Carmen"]
[Black "Paramzina, Anastasya"]
[WhiteElo "2217"]
[BlackElo "2051"]
[Result "1-0"]
[PlyCount "46"]
[EventDate "2014.10.19"]

1. e4 c5 2. Nf3 d6 3. Bb5+ Bd7 4. Bxd7+ Qxd7 5. O-O Nc6 6. c3 Nf6 7. d4 Nxe4 8.
d5 Ne5 9. Re1 Nf6 10. Nxe5 dxe5 11. c4 e6 12. Nc3 O-O-O 13. Bg5 Be7 14. Rxe5 h6
15. Bh4 Nxd5 16. Bxe7 Nxe7 17. Qa4 Nc6 18. Rxc5 Qd4 19. Qxa7 Qd2 20. g3 Qd6 21.
b4 Qb8 22. Qb6 Kd7 23. Rd1+ Ke7 1-0

[Event "C.to Europeo U16 femminile"]
[Site "Batumi GEO"]
[Date "2014.10.28"]
[Round "9"]
[White "Narva, Mai"]
[Black "Santeramo, Alessia Carmen"]
[WhiteElo "2123"]
[BlackElo "2217"]
[Result "1-0"]
[PlyCount "89"]
[EventDate "2014.10.19"]

1. e4 e5 2. Nf3 Nc6 3. Bb5 a6 4. Ba4 Nf6 5. O-O Be7 6. Re1 b5 7. Bb3 d6 8. c3
O-O 9. h3 Na5 10. Bc2 c5 11. d4 Qc7 12. Nbd2 Bd7 13. Nf1 Nc4 14. Ng3 g6 15. b3
Nb6 16. Bh6 Rfc8 17. Rc1 c4 18. Qd2 a5 19. dxe5 dxe5 20. Be3 Rab8 21. Bxb6 Rxb6
22. bxc4 bxc4 23. Qg5 Rb2 24. Bb1 Qb6 25. Nh1 Bc5 26. Bc2 Rxa2 27. Nxe5 Ba4 28.
Rb1 Qe6 29. Bxa4 Rxa4 30. Nf3 Ra2 31. Qh4 h5 32. Rb7 Qc6 33. Rxf7 Nd7 34. Qf4
Rf8 35. Ng5 Bd6 36. Rxf8+ Nxf8 37. Qf7+ Kh8 38. Qf6+ Kg8 39. Qf7+ Kh8 40. Qf6+
Kg8 41. e5 Rd2 42. exd6 Qxd6 43. Qf7+ Kh8 44. Ne4 Qe5 45. Qxf8+ 1-0

[Event "C.to Europeo U18"]
[Site "Batumi GEO"]
[Date "2014.10.20"]
[Round "2"]
[White "Burcu, Cagatay"]
[Black "Lombardi, Vincenzo Angelo"]
[WhiteElo "2198"]
[BlackElo "2046"]
[Result "1-0"]
[PlyCount "71"]
[EventDate "2014.10.19"]

1. d4 Nf6 2. Nf3 c5 3. d5 d6 4. c4 e5 5. dxe6 Bxe6 6. e3 Be7 7. Nc3 O-O 8. e4
Nc6 9. Be2 Ng4 10. Nd2 Nd4 11. Bxg4 Bxg4 12. Qxg4 Nc2+ 13. Kd1 Nxa1 14. b3 f5
15. exf5 Bf6 16. Bb2 d5 17. cxd5 b5 18. Nde4 b4 19. Nxf6+ Rxf6 20. Ne4 Rf7 21.
d6 Qa5 22. Nf6+ Kh8 23. Nh5 Kg8 24. Qe2 c4 25. bxc4 Qxf5 26. Kc1 b3 27. Nxg7
Rxg7 28. Bxa1 Qf4+ 29. Kb1 bxa2+ 30. Kxa2 Qxd6 31. Rd1 Qa6+ 32. Kb1 Rb7+ 33.
Bb2 Qg6+ 34. Kc1 Qg5+ 35. Qe3 Rxb2 36. Kxb2 1-0

[Event "C.to Europeo U18"]
[Site "Batumi GEO"]
[Date "2014.10.21"]
[Round "3"]
[White "Lombardi, Vincenzo Angelo"]
[Black "Hadjikyriakou, Arsenios"]
[WhiteElo "2046"]
[BlackElo "1781"]
[Result "1-0"]
[PlyCount "63"]
[EventDate "2014.10.19"]

1. e4 e5 2. Nf3 Nf6 3. Bc4 Bc5 4. c3 Nc6 5. d4 exd4 6. e5 d5 7. Bb5 Ne4 8. cxd4
Bb6 9. Nc3 O-O 10. Be3 Bg4 11. h3 Bh5 12. Ne2 f6 13. Nf4 Bf7 14. Bxc6 bxc6 15.
O-O fxe5 16. Nxe5 Qd6 17. Rc1 Rad8 18. Rxc6 Qe7 19. Qg4 Be8 20. Ne6 h5 21. Qe2
Bxc6 22. Nxd8 Ba8 23. Ndc6 Qd6 24. Rc1 Rf5 25. Qa6 Bxc6 26. Rxc6 Qb4 27. Qc8+
Rf8 28. Qe6+ Kh7 29. Qd7 Qe1+ 30. Kh2 Nxf2 31. Rh6+ Kg8 32. Qe6+ 1-0

[Event "C.to Europeo U18"]
[Site "Batumi GEO"]
[Date "2014.10.22"]
[Round "4"]
[White "Eggink, Mateusz"]
[Black "Lombardi, Vincenzo Angelo"]
[WhiteElo "2164"]
[BlackElo "2046"]
[Result "1-0"]
[PlyCount "59"]
[EventDate "2014.10.19"]

1. e4 e5 2. Nf3 Nc6 3. Nc3 Bc5 4. Nxe5 Bxf2+ 5. Kxf2 Nxe5 6. d4 Ng6 7. Bc4 Qf6+
8. Kg1 N8e7 9. Be3 O-O 10. Qd2 b6 11. h4 Bb7 12. h5 d5 13. exd5 Nh8 14. Bg5 Qd6
15. Ne4 Qd7 16. h6 Bxd5 17. Bxd5 Qxd5 18. hxg7 Qxe4 19. gxh8=Q+ Kxh8 20. Bf6+
Kg8 21. Qg5+ Qg6 22. Bxe7 Rfe8 23. Rf1 Qxg5 24. Bxg5 Re2 25. Rf2 Rae8 26. Rh3
Re1+ 27. Kh2 Rb1 28. Rhf3 h5 29. Bh6 Kh7 30. Rf6 1-0

[Event "C.to Europeo U18"]
[Site "Batumi GEO"]
[Date "2014.10.23"]
[Round "5"]
[White "Lombardi, Vincenzo Angelo"]
[Black "Kheladze, Ilia"]
[WhiteElo "2046"]
[BlackElo "1885"]
[Result "1-0"]
[PlyCount "57"]
[EventDate "2014.10.19"]

1. e4 c5 2. Nf3 d6 3. Bb5+ Bd7 4. Bxd7+ Nxd7 5. O-O Ngf6 6. Re1 g6 7. c3 Bg7 8.
d4 cxd4 9. cxd4 O-O 10. Nc3 Rc8 11. h3 Nb6 12. Bf4 e6 13. Nb5 d5 14. e5 Ne4 15.
Nxa7 Ra8 16. Nb5 Qd7 17. Qb3 Nc4 18. a4 Ra5 19. Nh2 f6 20. Rxe4 dxe4 21. Qxc4
fxe5 22. Bxe5 Bxe5 23. dxe5 Rfa8 24. Nc3 Kg7 25. Qxe4 Qc7 26. Re1 Rc5 27. Qh4
Rf8 28. Ng4 h5 29. Nb5 1-0

[Event "C.to Europeo U18"]
[Site "Batumi GEO"]
[Date "2014.10.24"]
[Round "6"]
[White "Nielsen, Hogni Egilstoft"]
[Black "Lombardi, Vincenzo Angelo"]
[WhiteElo "2273"]
[BlackElo "2046"]
[Result "1-0"]
[PlyCount "59"]
[EventDate "2014.10.19"]

1. e4 e5 2. Nf3 Nc6 3. Bc4 Bc5 4. c3 Nf6 5. d3 d6 6. Bb3 Bg4 7. h3 Bh5 8. Nbd2
Qd7 9. Nf1 d5 10. Qe2 d4 11. g4 Bg6 12. Ba4 Bxe4 13. dxe4 d3 14. Qd1 Nxe4 15.
Be3 O-O-O 16. N3d2 Nxd2 17. Nxd2 Bxe3 18. fxe3 e4 19. Bxc6 Qxc6 20. Qb3 h5 21.
O-O-O Qh6 22. Qxf7 hxg4 23. Qf5+ Kb8 24. Qxg4 Qa6 25. Kb1 Qa4 26. b3 Qa5 27.
Kb2 Rh6 28. Qxe4 Ra6 29. a4 Rb6 30. Rhf1 1-0

[Event "C.to Europeo U18"]
[Site "Batumi GEO"]
[Date "2014.10.26"]
[Round "7"]
[White "Lombardi, Vincenzo Angelo"]
[Black "Dotiashvili, Vasil"]
[WhiteElo "2046"]
[BlackElo "1697"]
[Result "1-0"]
[PlyCount "45"]
[EventDate "2014.10.19"]

1. e4 e6 2. d4 d5 3. Nd2 dxe4 4. Nxe4 Nd7 5. Bd3 Ngf6 6. Qe2 c5 7. Nxf6+ Nxf6
8. dxc5 Bxc5 9. Bd2 O-O 10. O-O-O Qb6 11. Nf3 Nd5 12. Ne5 Nb4 13. Bxb4 Qxb4 14.
c3 Qf4+ 15. Rd2 Be7 16. g3 Qa4 17. Qh5 f5 18. Kb1 Bf6 19. Re1 b5 20. Bc2 Qa5
21. g4 b4 22. gxf5 exf5 23. Bb3+ 1-0

[Event "C.to Europeo U18 femminile"]
[Site "Batumi GEO"]
[Date "2014.10.19"]
[Round "1"]
[White "Fataliyeva, Ulviyya Hasil Qizi"]
[Black "Miracola, Giorgia"]
[WhiteElo "2117"]
[BlackElo "1841"]
[Result "1-0"]
[PlyCount "39"]
[EventDate "2014.10.19"]

1. e4 c5 2. Nf3 e6 3. d4 cxd4 4. Nxd4 Nf6 5. Nc3 d6 6. Be2 Be7 7. O-O a6 8. Be3
O-O 9. f4 Qc7 10. Qe1 Nc6 11. Qg3 Bd7 12. Rad1 Rfe8 13. e5 dxe5 14. fxe5 Nd5
15. Nxd5 exd5 16. e6 Qxg3 17. exf7+ Kh8 18. fxe8=Q+ Rxe8 19. hxg3 g6 20. Nxc6
1-0

[Event "C.to Europeo U18 femminile"]
[Site "Batumi GEO"]
[Date "2014.10.20"]
[Round "2"]
[White "Miracola, Giorgia"]
[Black "Machlik, Edit"]
[WhiteElo "1841"]
[BlackElo "1946"]
[Result "0-1"]
[PlyCount "52"]
[EventDate "2014.10.19"]

1. e4 c6 2. Nc3 d5 3. Nf3 Bg4 4. h3 Bxf3 5. Qxf3 e6 6. d3 Nd7 7. Bd2 Bc5 8.
O-O-O Ne7 9. g4 O-O 10. Bg2 b5 11. Qg3 a5 12. f4 a4 13. Ne2 d4 14. Kb1 b4 15.
b3 axb3 16. cxb3 Nc8 17. e5 Qc7 18. f5 Na7 19. Nc1 Nb5 20. Rde1 Ra6 21. f6 Nxf6
22. Qh4 Nd5 23. Be4 Nbc3+ 24. Kb2 Nxe4 25. dxe4 Nc3 26. Bf4 Rfa8 0-1

[Event "C.to Europeo U18 femminile"]
[Site "Batumi GEO"]
[Date "2014.10.21"]
[Round "3"]
[White "Krassnitzer, Maria"]
[Black "Miracola, Giorgia"]
[WhiteElo "1601"]
[BlackElo "1841"]
[Result "0-1"]
[PlyCount "70"]
[EventDate "2014.10.19"]

1. d4 Nf6 2. Nf3 g6 3. Bf4 Bg7 4. e3 d5 5. Be2 O-O 6. O-O c5 7. c3 Nc6 8. h3
Nd7 9. Nbd2 e5 10. Nxe5 Ndxe5 11. Bxe5 Nxe5 12. dxe5 Bxe5 13. Nf3 Bf6 14. Qb3
Be6 15. Rfd1 Qe7 16. Qa3 a6 17. Rac1 b5 18. Rd2 Rfd8 19. Qa5 Qb7 20. a4 Bd7 21.
Rcd1 Bc6 22. e4 c4 23. e5 Be7 24. Nd4 Bg5 25. Nxc6 Qxc6 26. Rd4 Rd7 27. h4 Bd8
28. Bf3 Bxa5 29. Bxd5 Rxd5 30. Rxd5 Re8 31. Rd6 Qb7 32. Rd7 Qe4 33. axb5 axb5
34. Ra7 Bb6 35. Rad7 Qxh4 0-1